| 000 | 00626nam a2200181Ia 4500 | ||
|---|---|---|---|
| 008 | 090630s9999 xx 000 0 und d | ||
| 082 | _b11818 | ||
| 100 | _aसरदेसाई गो. बा. | ||
| 245 |
_aमारिच्याची हाक. _cसरदेसाई गो. बा. |
||
| 260 |
_bनिर्मल. _c1987 |
||
| 300 | _a108 | ||
| 600 | _aसरदेसाई गो. बा. | ||
| 630 | _aमारिच्याची हाक. | ||
| 655 | _aलघुकथा. | ||
| 700 | _aसरदेसाई गो. बा. | ||
| 730 | _aमारिच्याची हाक. | ||
| 942 | _cBOOK | ||
| 999 |
_c263674 _d263674 |
||